Shake It Off (TV) - Taylor Swift (All Lyrics) - Statistics

General Stats
  • This quiz has been taken 558 times
  • The average score is 478 of 564
Answer Stats
Lyrics % Correct
I
100%
I,
100%
go
98%
go)
98%
to
98%
to)
98%
a
97%
it
95%
my
95%
My
95%
of
95%
shake,
95%
shake
95%
Shake
95%
the
94%
in
93%
off,
93%
off
93%
off)
93%
(Off)
93%
too
92%
what
92%
gonna
91%
Got
91%
got
91%
"Oh,
91%
oh,
91%
say,
91%
And
90%
and
90%
be
90%
hate,
90%
hate
90%
hate)
90%
I'm
90%
just
90%
Just
90%
man
90%
on
90%
people
90%
haters
89%
(Haters
89%
late
89%
stay
89%
That's
89%
that's
89%
brain
88%
nothin'
88%
play,
87%
play
87%
But
86%
but
86%
out
86%
can't
85%
Can't
85%
this
85%
like
84%
like,
84%
players
84%
alright"
83%
It's
83%
"It's
83%
many
83%
dates
82%
stop,
82%
stop
82%
make
80%
mind
80%
won't
80%
Won't
80%
movin'
79%
new
79%
You
79%
you
79%
(You
79%
girlfriend
78%
them
78%
'Cause
77%
keep
77%
music
77%
Sayin',
77%
ex
76%
God"
76%
Baby,
75%
baby?
75%
beat
75%
At
74%
there
74%
Yeah,
74%
(Yeah),
74%
his
73%
over
73%
over,
73%
don't
72%
good
72%
they
72%
(They
72%
hair
71%
with
71%
come
70%
sick
70%
We
70%
could
69%
least,
69%
She's
69%
see,
68%
brought
67%
hella
67%
fella
66%
Hey,
66%
hey,
66%
hey
66%
hey)
66%
know,
66%
(Mmm)
66%
down
65%
up
65%
been
63%
dirty,
63%
dirty
63%
fake,
63%
fake
63%
fake)
63%
own
63%
own)
63%
world
63%
break,
61%
break
61%
dancin'
61%
(Dancin'
61%
fakers
61%
cruisin'
60%
liars
60%
feet
59%
gettin'
59%
cruisin'
58%
as
56%
break
56%
cheats
55%
Heartbreakers
55%
moves
55%
(Moves
55%
could've
54%
groovin'
54%
you've
54%
never
53%
about
52%
miss
52%
(Ooh)
50%
(Ooh,
50%
think,
50%
lightnin'
47%
mm-mm
47%
while
47%
woah
26%
(Haha)
24%
(Haha),
24%
No matching quizzes found
Score Distribution
Percent of People with Each Score
Percentile by Number Answered
Your Score History
You have not taken this quiz